书目信息 |
| 题名: |
人口经济学概论
|
|
| 作者: | 李树莳 主编 | |
| 分册: | ||
| 出版信息: | 北京 中国经济出版社 1989.07 |
|
| 页数: | 250页 | |
| 开本: | 20cm | |
| 丛书名: | ||
| 单 册: | ||
| 中图分类: | C92-05 | |
| 科图分类: | ||
| 主题词: | 人口学--关系 | |
| 电子资源: | ||
| ISBN: | 7-5017-0222-5 | |
| 000 | 00518nam0 2200181 45 | |
| 001 | 0405051097 | |
| 005 | 20060105150351.98 | |
| 010 | @a7-5017-0222-5@dCNY3.80 | |
| 100 | @a20040505d1989 km y0chiy0120 ea | |
| 101 | 0 | @achi |
| 200 | 1 | @a人口经济学概论@ARen Kou Jing Ji Xue Gai Lun@f李树莳主编@FLi Shu Shi Zhu Bian |
| 210 | @a北京@c中国经济出版社@d1989.07 | |
| 215 | @a250页@d20cm | |
| 606 | 0 | @a人口学@x关系 |
| 690 | @aC92-05@v3 | |
| 701 | 0 | @a李树莳@4主编 |
| 801 | @aCN@bPftUser@c20060105 | |
| 905 | @dC92-05@e37@f1@b226584 | |
| 人口经济学概论/李树莳主编.-北京:中国经济出版社,1989.07 |
| 250页;20cm |
| ISBN 7-5017-0222-5:CNY3.80 |
| ● |
| 相关链接 |
|
|
|
|
正题名:人口经济学概论
索取号:C92-05/37
 
预约/预借
| 序号 | 登录号 | 条形码 | 馆藏地/架位号 | 状态 | 备注 |
| 1 | 0226580 | 202186721 | 密集书库/ [索取号:C92-05/37] | 在馆 | |
| 2 | 0226581 | 202186687 | 密集书库/ [索取号:C92-05/37] | 在馆 | |
| 3 | 0226582 | 001028729 | 密集书库/ [索取号:C92-05/37] | 在馆 | |
| 4 | 0226583 | 001030084 | 密集书库/ [索取号:C92-05/37] | 在馆 | |
| 5 | 0226584 | 001030093 | 第一借阅区/ [索取号:C92-05/37] | 在馆 |